[Event "Erbil Khanzad op 14th"]
[Site "Erbil"]
[Date "2019.12.16"]
[Round "9.5"]
[White "Mohammed Khaleel, Majeed"]
[Black "Dlsoz, Omer Sedeeq"]
[Result "1-0"]
[WhiteElo "1843"]
[BlackElo "1828"]
[PlyCount "39"]
[EventDate "2019.12.12"]
[EventType "swiss"]
[EventRounds "9"]
[EventCountry "IRQ"]
[SourceTitle "CBM 193 Extra"]
[Source "ChessBase"]
[SourceDate "2020.01.31"]
[SourceVersion "1"]
[SourceVersionDate "2020.01.31"]
[SourceQuality "1"]

1. e4 e5 2. Nf3 Nc6 3. d4 exd4 4. Bc4 Be7 5. Nxd4 d6 6. Nxc6 bxc6 7. Qf3 Be6 8. Bxe6 fxe6 9. Qg4 Qd7 10. Qxg7 Bf6 11. Qg3 Ne7 12. Nc3 Ng6 13. Bg5 Be5 14. f4 Bd4 15. 0-0-0 Bg7 16. f5 exf5 17. exf5 Qxf5 18. Rhf1 Qa5 19. Rde1+ Be5 20. Qf3 1-0